Central Library OPAC University of Rajshahi
Normal view MARC view

Entry Personal Name

Number of records used in: 2

001 - CONTROL NUMBER

  • control field: 16433

003 - CONTROL NUMBER IDENTIFIER

  • control field: BD-RjUL

005 - DATE AND TIME OF LATEST TRANSACTION

  • control field: 20250803165116.0

008 - FIXED-LENGTH DATA ELEMENTS

  • fixed length control field: 250803|| aca||aabn | a|a d

040 ## - CATALOGING SOURCE

  • Original cataloging agency: BD-RjUL
  • Transcribing agency: BD-RjUL

100 ## - HEADING--PERSONAL NAME

  • Personal name: Ansary, Md. Rezaul Haque, Co-Supervisor

670 ## - SOURCE DATA FOUND

  • Source citation: Work cat.: (BD-RjUL)85422: Khan, Sultana Shakila 16431, Synthesis and x-ray crystallographic analysis of nickel(II), copper(II) Palladium(ll) complexes Having N, O And N, s donor ligands and studiey of their antimicrobial and antioxidant activities, /, 2024